[Event "32nd Aegean Open"]
[Site "Aghios Kirykos GRE"]
[Date "2009.07.19"]
[Round "9"]
[White "Nikolaou,G"]
[Black "Lahiri,A"]
[Result "0-1"]
[WhiteElo "2281"]
[BlackElo "2361"]

1.Nf3 Nf6 2.c4 g6 3.g3 Bg7 4.Bg2 O-O 5.O-O d6 6.d4 Nbd7 7.Nc3 e5 8.e4 exd4
9.Nxd4 Nc5 10.h3 Re8 11.Re1 Bd7 12.Rb1 h6 13.b4 Ne6 14.Nxe6 Bxe6 15.Qd3 Nd7
16.f4 a5 17.a3 axb4 18.axb4 Nb6 19.Nd5 Nxc4 20.Qxc4 c6 21.Be3 cxd5 22.exd5 Bf5
23.Rbc1 Rxe3 24.Rxe3 Rc8 25.Qf1 Bd4 26.Qe1 Rxc1 27.Qxc1 Qb6 28.Kf2 Qxb4 29.g4 Bd7
30.Kg3 Bxe3 31.Qxe3 Ba4 32.Kh2 Bc2 33.h4 Bd1 34.g5 hxg5 35.hxg5 b5 36.Be4 Qb2+
37.Kg3 b4 38.Qd3 Qc3 39.Kf2 Qxd3 40.Bxd3 Bb3 41.Be4 Ba2  0-1

[Event "Maria Albulet Mem"]
[Site "Braila ROM"]
[Date "2009.07.19"]
[Round "1"]
[White "Sgircea,S"]
[Black "Daulyte,D"]
[Result "1/2-1/2"]
[WhiteElo "2199"]
[BlackElo "2268"]

1.Nf3 Nf6 2.c4 g6 3.g3 Bg7 4.Bg2 O-O 5.Nc3 d5 6.d4 dxc4 7.Ne5 c6 8.O-O Ng4
9.f4 Na6 10.h3 Nxe5 11.dxe5 Qb6+ 12.Kh2 Rd8 13.Qa4 Be6 14.Ne4 Nc5 15.Qa3 Nxe4
16.Bxe4 Qc7 17.Be3 Bd5 18.Bc2 Bf8 19.Bf2 f6 20.e4 Bf7 21.exf6 exf6 22.Qc3 Bg7
23.Rad1 f5 24.e5 Bd5 25.g4 fxg4 26.hxg4 Re8 27.Bg3 g5 28.Rde1 Re6 29.fxg5 Rae8
30.Rf6 Bxf6 31.gxf6 Qf7 32.Bf5 b5 33.Qd2 Kh8 34.Qh6 Rg8 35.Bf4 b4 36.Re3 Rg6
37.Qh5 Kg8 38.Rh3 Re8 39.Bxg6 Qxg6 40.Qxg6+ hxg6 41.Re3 Kf7 42.Rh3 Kg8 43.Re3 Be6
44.Kg3 Rd8 45.Re2 Rd1 46.Be3 Ra1 47.Bc5 a5 48.Rd2 c3 49.bxc3 bxc3 50.Rc2 Re1
51.Bd4 Re4 52.Bxc3 Rxg4+ 53.Kf3 Rc4 54.a3 a4 55.Rc1 Kf7 56.Bd2 Rxc1 57.Bxc1 Bd5+  1/2-1/2

[Event "32nd Taminco Open"]
[Site "Ghent BEL"]
[Date "2009.07.19"]
[Round "3"]
[White "Verhaeren,G"]
[Black "Maenhout,T"]
[Result "0-1"]
[WhiteElo "1952"]
[BlackElo "2312"]

1.c4 Nf6 2.Nf3 g6 3.g3 Bg7 4.Bg2 O-O 5.O-O d6 6.Nc3 e5 7.d3 Nbd7 8.Rb1 a5
9.a3 Nh5 10.d4 c6 11.Ne4 d5 12.cxd5 cxd5 13.Nc3 e4 14.Ne5 Nb6 15.h3 f6 16.Ng4 f5
17.Ne5 f4 18.g4 Bxe5 19.dxe5 Ng7 20.Nb5 Nc4 21.Nc3 Nb6 22.Nb5 Bd7 23.Qb3 Ne6
24.Nc3 a4 25.Qd1 Bc6 26.b3 Rf6 27.bxa4 Nxa4 28.Qb3 Nd4 29.Qb4 Nxc3  0-1

[Event "MTO"]
[Site "Biel SUI"]
[Date "2009.07.20"]
[Round "1"]
[White "Gritsak,O"]
[Black "Rindlisbacher,J"]
[Result "1/2-1/2"]
[WhiteElo "2519"]
[BlackElo "2100"]

1.Nf3 Nf6 2.c4 g6 3.g3 Bg7 4.Bg2 O-O 5.O-O d6 6.Nc3 e5 7.d3 Nc6 8.Rb1 a5
9.a3 h6 10.b4 axb4 11.axb4 Be6 12.b5 Ne7 13.Qc2 Nd7 14.Nd2 Qc8 15.Nd5 Re8
16.Ne4 f5 17.Nec3 c6 18.Nxe7+ Rxe7 19.Bb2 Nf6 20.Rfc1 g5 21.Ra1 Rxa1 22.Rxa1 d5
23.bxc6 bxc6 24.Na4 e4 25.cxd5 cxd5 26.Qxc8+ Bxc8 27.Rc1 Be6 28.Nc5 Nd7 29.Bxg7  1/2-1/2

[Event "2nd Open"]
[Site "Paleohora GRE"]
[Date "2009.07.22"]
[Round "3"]
[White "Harika,D"]
[Black "Kotronias,V"]
[Result "0-1"]
[WhiteElo "2445"]
[BlackElo "2613"]

1.Nf3 Nf6 2.c4 g6 3.g3 Bg7 4.Bg2 O-O 5.d4 d6 6.O-O Nbd7 7.Nc3 e5 8.e4 c6
9.b3 Qb6 10.Bb2 exd4 11.Na4 Qc7 12.Qxd4 a6 13.Rad1 b5 14.Nc3 Ne8 15.Qe3 bxc4
16.bxc4 Rb8 17.Ba1 Rb4 18.Qe2 Nc5 19.Rb1 a5 20.a3 Rxb1 21.Rxb1 Ba6 22.Bf1 Nf6
23.e5 Re8 24.exd6 Qxd6 25.Qd1 Qxd1 26.Nxd1 a4 27.Bc3 Bc8 28.Ne3 Nb3 29.Rd1 Ng4
30.Bxg7 Nxe3 31.Re1 Kxg7 32.Rxe3 Be6 33.Bh3 Kf6 34.Bxe6 Rxe6 35.Kf1 Rd6 36.Ke1 g5
37.h3 h5 38.Re2 Nd4 39.Nxd4 Rxd4 40.Rc2 Ke5 41.Rc3 f5 42.Ke2 Kd6 43.Rf3 f4
44.h4 fxg3 45.Rxg3 g4 46.Re3 Rxc4 47.Re8 Rc2+ 48.Ke1 Rc1+ 49.Ke2 Rh1 50.Re4 Rxh4
51.Rxa4 c5 52.Ra6+ Kd5 53.a4 Rh1 54.a5 Ra1 55.Rh6 Rxa5 56.Rxh5+ Ke4 57.Rg5 Kf4
58.Rg8 Ra2+ 59.Kf1 c4 60.Kg2 Rd2 61.Rc8 Rd4 62.Kf1 Kf3 63.Rf8+ Ke4 64.Ke2 c3
65.Re8+ Kd5 66.Rc8 Rc4 67.Rd8+ Ke6 68.Kd1 Ke5 69.Re8+ Kf4 70.Rf8+ Ke4 71.Kc2 Rc5
72.Re8+ Kf3 73.Rf8+ Kg2 74.Rf4 Kh3 75.Rf8 Rc4 76.Rf7 Kg2 77.Rf8 Kf1 78.Rf7 Ke2
79.Rg7 Rd4 80.Rg8 Rd2+ 81.Kc1 Ra2 82.Rg7 Ra4 83.Rf7 Kd3 84.Rd7+ Rd4 85.Rg7 Re4
86.Rd7+ Ke2 87.Rf7 Kf1 88.Kc2 Re2+ 89.Kxc3 Rxf2 90.Rg7 Rf4 91.Kd3 Kf2  0-1

[Event "ch-Africa"]
[Site "Tripoli LBA"]
[Date "2009.07.23"]
[Round "3"]
[White "Solomons,D"]
[Black "Shabash,A"]
[Result "1-0"]
[WhiteElo "2210"]
[BlackElo "2193"]

1.c4 Nf6 2.Nf3 g6 3.g3 Bg7 4.Bg2 O-O 5.O-O d5 6.cxd5 Nxd5 7.Nc3 c6 8.Qb3 b6
9.d3 Na6 10.a3 Nc5 11.Qc2 Be6 12.Ne4 Nxe4 13.dxe4 Nf6 14.Rd1 Qe8 15.Nd4 Bd7
16.e5 Nd5 17.f4 e6 18.e4 Ne7 19.Be3 c5 20.Ne2 Rc8 21.Rd6 Rc7 22.Rad1 Nc8
23.R6d2 Bc6 24.Nc3 Qe7 25.a4 a6 26.Bf1 Bb7 27.Bc4 Na7 28.Rd6 Nc6 29.Qd2 Ra8
30.b3 h5 31.h4 Kh7 32.Qf2 Bf8 33.Kh2 Bc8 34.Kg2 Rb8 35.Qe2 Ra8 36.R1d2 Bg7
37.Bf2 f6 38.exf6 Bxf6 39.e5 Bg7 40.Ne4 Nd4 41.Bxd4 cxd4 42.Ng5+ Kh8 43.R2xd4 Bb7+
44.Kh3 Rac8 45.Bxe6 Rc2 46.Rd2  1-0

[Event "XXVII Andorra Open"]
[Site "Arinsal AND"]
[Date "2009.07.24"]
[Round "7"]
[White "Kulkarni,C"]
[Black "Movsziszian,K"]
[Result "1/2-1/2"]
[WhiteElo "2259"]
[BlackElo "2570"]

1.Nf3 Nf6 2.c4 g6 3.g3 Bg7 4.Bg2 O-O 5.O-O d6 6.d4 Nbd7 7.Nc3 e5 8.e4 a6
9.h3 b5 10.Qc2 c6 11.Rd1 Qe7 12.c5 dxc5 13.dxe5 Ne8 14.Bg5 Qe6 15.Be3 Qe7
16.Bg5 Qe6 17.Be3 Qe7  1/2-1/2

[Event "ch-AUT"]
[Site "Jenbach AUT"]
[Date "2009.07.25"]
[Round "1"]
[White "Diermair,A"]
[Black "Bozinovic,Bob"]
[Result "1-0"]
[WhiteElo "2361"]
[BlackElo "2114"]

1.Nf3 Nf6 2.c4 g6 3.g3 Bg7 4.Bg2 O-O 5.Nc3 c5 6.d4 cxd4 7.Nxd4 Nc6 8.O-O Nxd4
9.Qxd4 d6 10.Qd3 a6 11.Bf4 Qc7 12.Rac1 Be6 13.b3 Rfd8 14.Rc2 Rac8 15.Rfc1 Qb8
16.h3 h5 17.e4 Nd7 18.Nd5 Bf8 19.b4 Ne5 20.Qe2 Bxd5 21.exd5 Bg7 22.c5 b5
23.c6 Rc7 24.Be3 Nc4 25.Rxc4 bxc4 26.Qxc4 Rdc8 27.a4 Rb7 28.Rb1 Rcc7 29.Qxa6 Rxb4
30.Rxb4 Qxb4 31.Bb6 Bd4 32.Bxc7 Bxf2+ 33.Kxf2 Qd4+ 34.Ke2 Qb2+ 35.Kf1 Qa1+
36.Ke2 Qb2+ 37.Ke3 Qc1+ 38.Kd3 Qd1+ 39.Kc3 Qc1+ 40.Kb4 Qc5+ 41.Kb3 Qe3+ 42.Kc2 Qf2+
43.Kc3 Qe1+ 44.Kc2 Qf2+ 45.Kd3 Qxg2 46.Qc4 Qxg3+ 47.Kc2 Qg2+ 48.Kb3 Qxh3+
49.Kb4 Qc8 50.Bb6 g5 51.Qe4 h4 52.Qxe7 Qg4+ 53.Ka5 h3 54.Qxd6 Qc4 55.Qd8+ Kh7
56.c7 h2 57.c8=Q Qxc8 58.Qxc8 h1=Q 59.Qf5+ Kh6 60.Qf6+  1-0

[Event "ch-AUT"]
[Site "Jenbach AUT"]
[Date "2009.07.25"]
[Round "1"]
[White "Platzgummer,F"]
[Black "Schnegg,D"]
[Result "1/2-1/2"]
[WhiteElo "2308"]
[BlackElo "2092"]

1.Nf3 Nf6 2.c4 g6 3.g3 Bg7 4.Bg2 O-O 5.O-O d6 6.d4 Nc6 7.Nc3 a6 8.Qd3 e5
9.dxe5 dxe5 10.Qxd8 Rxd8 11.Bg5 Be6 12.Nd2 h6 13.Bxf6 Rxd2 14.Bxg7 Kxg7 15.Bxc6 bxc6
16.b3 Rad8 17.Rfd1 a5 18.Kf1 Rxd1+ 19.Rxd1 Rxd1+ 20.Nxd1 a4 21.Nc3 axb3 22.axb3 Kf6
23.Ke1 Ke7 24.Kd2 f5 25.f4 Kd6 26.e3 exf4 27.exf4 Kc5 28.Ne2 Bf7 29.Kc3 Kd6
30.Nc1 c5 31.Nd3 g5 32.Ne5 Be8 33.Nf3 gxf4 34.gxf4 Bc6 35.Nd2 Bg2 36.Kb2 Kc6
37.Ka3 Kb6 38.Nb1 Ka5 39.Nc3 Bc6 40.Kb2 Bf3 41.Nb5 Kb6 42.Nc3 Ka5 43.Na2 Kb6
44.Kc3 Kc6 45.Nc1 Kd6 46.b4 cxb4+ 47.Kxb4 Kc6 48.Nb3 Kd6 49.Nc1 Kc6 50.Na2 Kb6
51.c5+ Kc6 52.Nc3 Bd5 53.h4 Be6 54.Nb5 Bd7 55.h5 Be8 56.Nd4+ Kd5 57.Nxf5 Bxh5
58.Nxh6 Ke6 59.Kb5 Bf3 60.Ng4 Bxg4 61.Kc6 Kf5 62.Kxc7 Kxf4 63.Kd6 Ke4 64.c6 Kd4
65.c7 Kc4 66.c8=N Kd4  1/2-1/2

[Event "ZMD Open"]
[Site "Dresden GER"]
[Date "2009.07.26"]
[Round "2"]
[White "Heck,N"]
[Black "Grosse,C"]
[Result "1-0"]
[WhiteElo "2324"]
[BlackElo "1869"]

1.c4 Nf6 2.Nf3 g6 3.g3 Bg7 4.Bg2 O-O 5.O-O d6 6.d4 Nbd7 7.Nc3 c5 8.d5 Re8
9.e4 b5 10.cxb5 a6 11.Re1 Qb6 12.a4 axb5 13.Nxb5 Ba6 14.Bf1 Ng4 15.h3 Nge5
16.Nxe5 Nxe5 17.Be3 Qb7 18.f4 Nd7 19.Qc2 Rec8 20.Rac1 Nb6 21.b3 Rcb8 22.Kh2 Nc8
23.Rb1 Na7 24.Nxa7 Rxa7 25.b4 Bxf1 26.bxc5 Qa8 27.Rxf1 Rc8 28.c6 Rxa4 29.Rf2 e6
30.Qd3 Kh8 31.Rb7 Ra3 32.Rb3 Ra4 33.Rc2 f5 34.dxe6 Rxe4 35.Qxd6 Qa4 36.Qd7 Rf8
37.c7 Qxb3 38.c8=Q Qxe3 39.Qcc7 Qd4 40.Qxd4 Bxd4 41.Qd7 Rg8 42.h4 Bf6 43.Rc8  1-0

[Event "zt 3.3"]
[Site "Ho Chi Minh City VIE"]
[Date "2009.07.26"]
[Round "6"]
[White "So,W"]
[Black "Zhang Zhong"]
[Result "1/2-1/2"]
[WhiteElo "2646"]
[BlackElo "2613"]

1.Nf3 Nf6 2.c4 g6 3.g3 Bg7 4.Bg2 O-O 5.O-O d6 6.Nc3 c6 7.d4 Nbd7 8.Qc2 e5
9.Rd1 Re8 10.b3 Qa5 11.e4  1/2-1/2

[Event "zt 3.3"]
[Site "Ho Chi Minh City VIE"]
[Date "2009.07.26"]
[Round "6"]
[White "Bao Khoa"]
[Black "Paragua,M"]
[Result "0-1"]
[WhiteElo "2161"]
[BlackElo "2487"]

1.Nf3 Nf6 2.c4 g6 3.g3 Bg7 4.Bg2 O-O 5.Nc3 d6 6.O-O e5 7.d3 Nc6 8.e4 h6 9.Rb1 a5
10.h3 Nd7 11.Ne1 Nc5 12.Be3 Nd4 13.Nc2 f5 14.f4 Be6 15.Kh2 Qd7 16.b3 h5 17.Ne2 fxe4
18.dxe4 Nxe2 19.Qxe2 h4 20.gxh4 exf4 21.Bd4 Qe7 22.h5 Qg5 23.Qf3 Qxh5 24.Qxh5 gxh5
25.Bf3 Kh7 26.Rg1 Bxd4 27.Nxd4 Bf7 28.Rg5 Nd3 29.Rbg1 Rg8 30.e5 Nxe5 31.Be4+ Kh8
32.Bxb7 Rab8 33.Be4 Ng4+ 34.R5xg4 hxg4 35.hxg4 a4 36.g5 axb3 37.axb3 c5 38.Nf5 Rxb3
39.Rg4 Bh5 40.Rxf4 Rxg5 41.Nxd6 Rb6 42.Rf6 Rb2+ 43.Kh3 Kg7 44.Rf4 Bg6 45.Bd5 Rb8
46.Rh4 Rb6 47.Nb7 Rxd5 48.cxd5 Rxb7 49.Rc4 Rb5  0-1

[Event "2nd Open"]
[Site "Paleohora GRE"]
[Date "2009.07.26"]
[Round "7"]
[White "Lipka,J"]
[Black "Moradiabadi,E"]
[Result "1-0"]
[WhiteElo "2419"]
[BlackElo "2542"]

1.Nf3 Nf6 2.c4 g6 3.g3 Bg7 4.Bg2 O-O 5.Nc3 d6 6.d4 Nc6 7.O-O a6 8.h3 Bf5
9.b3 Ne4 10.Bb2 Nxc3 11.Bxc3 Be4 12.e3 e6 13.Qe2 Ne7 14.Rfd1 h6 15.Bf1 b6
16.Rac1 f5 17.Ne1 Qe8 18.d5 Bxc3 19.Rxc3 exd5 20.f3 g5 21.fxe4 dxe4 22.Bg2 Ng6
23.Qd2 Rd8 24.g4 Nh4 25.Qd5+ Kh7 26.gxf5 Qh5 27.Bxe4 c6 28.Bf3 g4 29.hxg4 Rg8
30.Kf2 Qg5 31.Qe4 Qf6 32.Qd4  1-0

[Event "ch-Euro Senior"]
[Site "Rogaska Slatina SLO"]
[Date "2009.07.26"]
[Round "5"]
[White "Grabow,P"]
[Black "Kaminik,A"]
[Result "1/2-1/2"]
[WhiteElo "2188"]
[BlackElo "2232"]

1.c4 Nf6 2.Nf3 g6 3.g3 Bg7 4.Bg2 O-O 5.O-O d6 6.Nc3 Nc6 7.Rb1 Bf5 8.d3 e5
9.e4 Bg4 10.h3 Bxf3 11.Bxf3 Nd4 12.Be3 Nd7 13.Bg2 a5 14.b3 Nc5 15.a3 Nde6
16.Ne2 c6  1/2-1/2

[Event "Continental ch-Americas"]
[Site "Sao Paulo BRA"]
[Date "2009.07.26"]
[Round "2"]
[White "De Almeida,B"]
[Black "Della Morte,G"]
[Result "1/2-1/2"]
[WhiteElo "2188"]
[BlackElo "2383"]

1.Nf3 Nf6 2.c4 g6 3.g3 Bg7 4.Bg2 O-O 5.O-O d6 6.Nc3 e5 7.d3 Nc6 8.e4 Bg4
9.h3 Bxf3 10.Bxf3 Nd4 11.Bg2 c6 12.Rb1 a5 13.a3 Nd7 14.b4 axb4 15.axb4 f5
16.exf5 gxf5 17.f4 exf4 18.Bxf4 Ne6 19.Ne2 Nxf4 20.Nxf4 Re8 21.b5 Rc8 22.bxc6 bxc6
23.d4 Qg5 24.Qd3 Kh8 25.Kh1 Re7 26.Rbe1 Rxe1 27.Rxe1 c5 28.h4 Qf6 29.Re6 Qxd4
30.Rxd6 Qxd3 31.Nxd3 Nf6 32.Ne5 Ne4 33.Nf7+ Kg8 34.Rd7 Nxg3+ 35.Kh2 Ne4 36.Bxe4 fxe4
37.Nd6 Be5+ 38.Kg2 Bxd6 39.Rxd6 Re8 40.Rd5 e3 41.Kf1 Re4 42.Rxc5 Rxh4 43.Ke2 Re4
44.Rc7 h5 45.Rc5 h4 46.Rf5 Kg7 47.Rf3 Kg6 48.Rxe3 Rxc4 49.Kf3 Kf5 50.Re8 Rc3+
51.Kg2  1/2-1/2

[Event "Czech Open A"]
[Site "Pardubice CZE"]
[Date "2009.07.27"]
[Round "4"]
[White "De Verdier,M"]
[Black "Strunski,A"]
[Result "1/2-1/2"]
[WhiteElo "2257"]
[BlackElo "2413"]

1.Nf3 Nf6 2.c4 g6 3.g3 Bg7 4.Bg2 O-O 5.O-O c6 6.d4 d5 7.cxd5 cxd5 8.Ne5 Ng4
9.Nxg4 Bxg4 10.Nc3 Nc6 11.Be3 e5 12.Nxd5 exd4 13.Bf4 Rc8 14.Qd2 Re8 15.Rfe1 a5
16.Rac1 Be6 17.e4 f6 18.h4 Bf7 19.Bh3 f5 20.Bg5 Qd6 21.Bf4 Qd8 22.Bg5 Qd6
23.Bf4 Be5 24.Nb6 Rcd8 25.exf5 Bxf4 26.Rxe8+ Rxe8 27.Qxf4 Qxf4 28.gxf4 gxf5
29.Bxf5 Re2 30.Nc4 Bxc4 31.Rxc4 Rxb2 32.a3 Ra2 33.a4 Kg7 34.Be4 Ra3 35.Bxc6 bxc6  1/2-1/2

[Event "ch-Euro Senior w"]
[Site "Rogaska Slatina SLO"]
[Date "2009.07.27"]
[Round "6"]
[White "Sorokina,T"]
[Black "Blagonadezhnaya,I"]
[Result "1/2-1/2"]
[WhiteElo "2143"]
[BlackElo "1964"]

1.Nf3 g6 2.c4 Bg7 3.g3 Nf6 4.Bg2 O-O 5.d4 d6 6.O-O c6 7.Nc3 Na6 8.e4 Nc7
9.h3 Nd7 10.Be3 e5 11.Qd2 Re8 12.Rad1 Qe7 13.Rfe1 Nf8 14.b3 Be6 15.Kh2 b6
16.d5 cxd5 17.cxd5 Bc8 18.Rc1 Ba6 19.a4 Rec8 20.Na2 Nd7 21.b4 Ne8 22.Bf1 Rxc1
23.Rxc1 Bxf1 24.Rxf1 a5 25.b5 Nc5 26.Bxc5 dxc5 27.Nc3 Nd6 28.Qe2 f5 29.Nd2 Rf8
30.Nc4 Nxc4 31.Qxc4 Qd6 32.f3 Re8 33.Ne2 Bf8 34.Nc1 Kg7 35.Nd3 Qf6 36.Kg2 Bd6
37.f4 exf4 38.Nxf4 Bxf4 39.Rxf4 Qe5 40.exf5 gxf5 41.g4 Rf8  1/2-1/2

[Event "ch-AUT"]
[Site "Jenbach AUT"]
[Date "2009.07.29"]
[Round "5"]
[White "Diermair,A"]
[Black "Kuthan,A"]
[Result "1/2-1/2"]
[WhiteElo "2361"]
[BlackElo "2197"]

1.Nf3 Nf6 2.c4 g6 3.g3 Bg7 4.Bg2 O-O 5.Nc3 c6 6.d4 d6 7.O-O Nbd7 8.e4 e5
9.h3 Qa5 10.Re1 exd4 11.Nxd4 Ne5 12.Nb3 Qc7 13.Bf1 Be6 14.f4 Nxc4 15.f5 gxf5
16.exf5 Bxf5 17.Bxc4 d5 18.Bf4 Qb6+ 19.Be3 Qc7 20.Bf4 Qb6+ 21.Be3 Qc7 22.Bf4  1/2-1/2

[Event "ch-Euro Senior"]
[Site "Rogaska Slatina SLO"]
[Date "2009.07.30"]
[Round "9"]
[White "Zachariassen,J"]
[Black "Kornath,H"]
[Result "1/2-1/2"]
[WhiteElo "1968"]
[BlackElo "1959"]

1.c4 Nf6 2.Nf3 g6 3.g3 Bg7 4.Bg2 O-O 5.O-O d6 6.Nc3 c6 7.d4 Nbd7 8.b3 Re8
9.Bb2 e5 10.d5 cxd5 11.Nxd5 Nxd5 12.Qxd5 Nf6 13.Qd2 Qc7 14.Rfd1 Bf8 15.Rac1 Bf5
16.h3 Rac8 17.g4 Be6 18.Ng5 h6 19.Nxe6 Rxe6 20.Ba3 Ne8 21.Bd5 Rf6 22.e3 b6  1/2-1/2

[Event "Czech Open A"]
[Site "Pardubice CZE"]
[Date "2009.07.31"]
[Round "8"]
[White "Mirumian,V"]
[Black "Markin,D"]
[Result "1/2-1/2"]
[WhiteElo "2506"]
[BlackElo "2405"]

1.Nf3 Nf6 2.g3 g6 3.Bg2 Bg7 4.c4 O-O 5.Nc3 d6 6.O-O c5 7.Ne1 Nc6 8.Nc2 Bd7
9.Rb1 Rb8 10.b4 cxb4 11.Nxb4 Qa5 12.Nc2 a6 13.Bb2 b5 14.cxb5 axb5 15.a3 Rfc8
16.Na2 Ne8 17.d4 Qa7 18.e4 e5 19.d5 Na5 20.Nab4 Nc4 21.Bc1 Nf6 22.h3 Rc7
23.Qe2 Rbc8 24.Kh2 Qa4 25.Rd1 Na5 26.Ne1 Nb3 27.Be3 Nc5 28.Bc1 Qa7 29.Nec2 Na4
30.Bb2 Nxb2 31.Rxb2 Rc3 32.Rd3 Qc5 33.Rxc3 Qxc3 34.Rb1 h5 35.Qf3 Qc5 36.Ne3 Nh7
37.Nc6 Bf8 38.h4 Kg7 39.Bf1 Nf6 40.Rxb5 Qc1 41.Bh3 Bxc6 42.dxc6 Qxc6 43.Nd5 Nxd5
44.Rxd5 Ra8 45.Rd3 Ra4 46.Bg2 Be7  1/2-1/2

[Event "ch-AUT"]
[Site "Jenbach AUT"]
[Date "2009.08.02"]
[Round "9"]
[White "Kleissl,H"]
[Black "Ragger,M"]
[Result "1/2-1/2"]
[WhiteElo "2271"]
[BlackElo "2563"]

1.Nf3 Nf6 2.c4 g6 3.g3 Bg7 4.Bg2 O-O 5.O-O c6 6.d4 d5 7.cxd5 cxd5 8.Ne5 Ng4
9.Nf3 Nf6 10.Ne5 Ng4 11.Nf3 Nf6  1/2-1/2

[Event "Open"]
[Site "Kavala GRE"]
[Date "2009.08.02"]
[Round "3"]
[White "Burmakin,V"]
[Black "Shavtvaladze,N"]
[Result "1/2-1/2"]
[WhiteElo "2627"]
[BlackElo "2452"]

1.Nf3 Nf6 2.g3 g6 3.Bg2 Bg7 4.c4 O-O 5.O-O c6 6.d4 d5 7.Qb3 Qb6 8.Nc3 Bf5
9.cxd5 Qxb3 10.axb3 Nxd5 11.Bd2 Nxc3 12.bxc3 Be4 13.Ra4 Rd8 14.Rfa1 a6 15.Bg5 Kf8
16.Ra5 Nd7 17.Bh3 Bxf3 18.exf3 Nf6 19.Bc1 Rd5 20.Bf1 Rxa5 21.Rxa5 Rd8 22.h4 h5
23.Bb2 Nd5 24.f4 e6 25.Bg2 Bf6 26.Kf1 Ke8 27.Ke2 Rd7 28.Bf3 Ne7 29.Be4 Kd8
30.Bc1 Nd5 31.Bd2 Ne7 32.Kd3 Kc8 33.Kc2 Kc7 34.Ra1 Nf5 35.Be1 Rd8 36.Ra4 Nd6
37.Bd3 Nf5 38.Ra2 Be7 39.Kd2 Rd7 40.Ke2 Rd8 41.f3 Kc8 42.Bf2 Bf6 43.Ra5 Rh8
44.Kd2 Bd8 45.Ra1 Bf6 46.Kc2 Ne7 47.Be4 Nf5 48.Rh1 Rd8 49.Bd3 Rh8 50.Be4 Rd8
51.g4 Ne7 52.gxh5 gxh5 53.Rg1 Rg8 54.Rxg8+ Nxg8 55.f5 Kd7 56.fxe6+ Kxe6 57.c4 Ne7
58.f4 Bg7 59.Kd3 Bh6 60.Bg3 Nf5 61.d5+ cxd5 62.Bxd5+ Ke7 63.Be1 b5 64.Ke4 Nd6+
65.Kf3 bxc4 66.bxc4 f5 67.Bc3 Bf8 68.Ke3 Kd7 69.Kd3 Be7 70.Be1 Bf6 71.Bf3 a5
72.Bxh5 a4 73.Bd1 a3 74.Bb3 Ne4 75.h5 Bg7 76.Bb4 Ng3 77.Bxa3 Nxh5 78.Bc1 Bh6
79.c5 Bxf4 80.Bb2 Ng3 81.Kc4 Ne4 82.Ba4+ Kc7 83.c6 Nd6+ 84.Kd5 Nc8 85.Bd4  1/2-1/2

[Event "Centroamericano & Caribbean U20 w"]
[Site "Medellin COL"]
[Date "2009.08.02"]
[Round "5"]
[White "Esquivel de Leon,A"]
[Black "Herrera,Mil"]
[Result "1/2-1/2"]
[WhiteElo "2008"]
[BlackElo "2118"]

1.Nf3 Nf6 2.c4 g6 3.g3 Bg7 4.Bg2 O-O 5.O-O d6 6.Nc3 e5 7.d3 Nbd7 8.Rb1 Nh5
9.b4 f5 10.Qb3 Kh8 11.Ng5 Ndf6 12.c5 Qe7 13.cxd6 cxd6 14.Nd5 Qd7 15.b5 h6
16.Nf3 Nxd5 17.Qxd5 Nf6 18.Qb3 g5 19.Bb2 Qe7 20.Rfc1 e4 21.dxe4 fxe4 22.Nd4 Ng4
23.f3 exf3 24.exf3 Ne5 25.Re1 Qf7 26.Ba1 Bf5 27.Qxf7 Rxf7 28.Nxf5 Rxf5 29.Bxe5 Bxe5
30.Rbd1 Rf7 31.Re4  1/2-1/2

[Event "Arctic Chess Challenge"]
[Site "Tromso NOR"]
[Date "2009.08.02"]
[Round "2"]
[White "Prakken,G"]
[Black "Leniart,A"]
[Result "1/2-1/2"]
[WhiteElo "2168"]
[BlackElo "2390"]

1.Nf3 Nf6 2.c4 g6 3.g3 Bg7 4.Bg2 O-O 5.d4 d5 6.cxd5 Nxd5 7.O-O Nb6 8.Nc3 Nc6
9.e3 Re8 10.b3 e5 11.dxe5 Nxe5 12.Nxe5 Bxe5 13.Bb2 c6 14.Qc1 Qe7 15.Ne4 Bh3
16.Bxh3 Bxb2 17.Qxb2 Qxe4 18.Rad1 Qe5 19.Qc2 Rad8 20.Bg2 Kg7 21.e4 Qf6 22.h3 h5
23.h4 Nd7 24.f4 Nf8 25.e5 Qe7 26.Bh3 Rxd1 27.Rxd1 Rd8 28.Kh2 Rxd1 29.Qxd1 Qb4
30.f5 Qe4 31.fxg6 Nxg6 32.Qxh5 Nxe5 33.Qg5+ Kf8 34.Qd8+ Kg7 35.Qg5+ Kf8  1/2-1/2

[Event "Open"]
[Site "Kavala GRE"]
[Date "2009.08.04"]
[Round "5"]
[White "Mastrovasilis,A"]
[Black "Markus,Rob"]
[Result "1/2-1/2"]
[WhiteElo "2503"]
[BlackElo "2587"]

1.Nf3 Nf6 2.c4 g6 3.g3 Bg7 4.Bg2 O-O 5.O-O c5 6.Nc3 Nc6 7.d3 Rb8 8.Rb1 a6
9.Bf4 d6 10.a3 b5 11.cxb5 axb5 12.b4 cxb4 13.axb4  1/2-1/2

[Event "Arctic Chess Challenge"]
[Site "Tromso NOR"]
[Date "2009.08.04"]
[Round "4"]
[White "Prakken,G"]
[Black "Taube,G"]
[Result "1-0"]
[WhiteElo "2168"]
[BlackElo "1835"]

1.Nf3 Nf6 2.c4 g6 3.g3 Bg7 4.Bg2 O-O 5.O-O c5 6.d4 cxd4 7.Nxd4 Nc6 8.Nc3 Qb6
9.Nb3 d6 10.Bd2 Ne5 11.c5 dxc5 12.Na4 Qd6 13.Naxc5 Rb8 14.Bc3 b6 15.Qxd6 exd6
16.Ne4 Nxe4 17.Bxe4 Bb7 18.Bxb7 Rxb7 19.Rad1 Rd7 20.Nd4 Nc4 21.b3 Ne5 22.Rc1 Rc8
23.Bb4 Rxc1 24.Rxc1 Bf8 25.Rc8 Kg7 26.h3 g5 27.g4 Ng6 28.e3 f6 29.Kg2 Kf7
30.Kf3 d5 31.Bxf8 Nxf8 32.Ke2 Ne6 33.Nf5 Rc7 34.Rxc7+ Nxc7 35.Kd3 Ke6 36.h4 Ke5
37.hxg5 fxg5 38.Nd4 Kd6 39.f4 h6 40.Nf5+ Kc5 41.Nxh6 gxf4 42.exf4 Kd6 43.Nf5+ Ke6
44.Nd4+ Kf6 45.Ke3 a5 46.Kf3 b5 47.g5+ Kg7 48.f5 a4 49.Kf4 axb3 50.axb3 Na6
51.Ke5 Nc5 52.Kxd5 Nd3 53.Nxb5 Kf8 54.Kd6 Nb4 55.Nd4 Kg7  1-0

[Event "Open"]
[Site "Kavala GRE"]
[Date "2009.08.07"]
[Round "8"]
[White "Vorobiov,E"]
[Black "Harika,D"]
[Result "1/2-1/2"]
[WhiteElo "2598"]
[BlackElo "2445"]

1.Nf3 Nf6 2.c4 g6 3.g3 Bg7 4.Bg2 O-O 5.d4 d6 6.O-O Nc6 7.Nc3 a6 8.b3 Rb8
9.Bb2 b5 10.cxb5 axb5 11.d5 Na5 12.Nd4 b4 13.Na4 e6 14.dxe6 fxe6 15.Nc6 Nxc6
16.Bxc6 Bb7 17.Bxb7 Rxb7 18.Qd3 Qe7 19.Rac1 c5 20.Rfd1 Ne8 21.Bxg7 Qxg7 22.Qe4 Qf7
23.f3 Ra7 24.Rd2 c4 25.Qe3  1/2-1/2

[Event "80th Jubilee Viktor Kart"]
[Site "Lviv UKR"]
[Date "2009.08.09"]
[Round "6"]
[White "Itkis,B"]
[Black "Fridman,R"]
[Result "1-0"]
[WhiteElo "2437"]
[BlackElo "1903"]

1.Nf3 Nf6 2.c4 g6 3.g3 Bg7 4.Bg2 O-O 5.O-O d5 6.cxd5 Nxd5 7.Nc3 c6 8.d4 Nd7
9.Nxd5 cxd5 10.Bf4 Nf6 11.Qb3 b6 12.Rfc1 Ba6 13.Ne5 Bxe2 14.Re1 Ba6 15.Nc6 Qd7
16.Nxe7+ Kh8 17.Qa3 Bb7 18.Nxg6+ hxg6 19.Re7 Qg4 20.Rxb7 Nh5 21.Be3 Nf6 22.Rxa7 Rab8
23.Rc7 Qe6 24.Re7 Qf5 25.Rc1 Rfc8 26.Rcc7 Rxc7 27.Rxc7 Ng4 28.Bh3 Qe4 29.Bxg4 Qxg4
30.Rxf7 Rc8  1-0

[Event "GMA"]
[Site "Peterhof RUS"]
[Date "2009.08.11"]
[Round "13"]
[White "Khuseinkhodzhaev,M"]
[Black "Khruschiov,A"]
[Result "1/2-1/2"]
[WhiteElo "2381"]
[BlackElo "2408"]

1.Nf3 g6 2.c4 Bg7 3.g3 Nf6 4.Bg2 O-O 5.O-O Nc6 6.Nc3 a6 7.Rb1 Rb8 8.b4 b5
9.cxb5 axb5 10.a4 bxa4 11.b5 Na5 12.Qxa4 Ra8 13.Bb2 Bb7 14.Qb4 d6 15.d4 Qd7
16.Rfd1 Nd5 17.Nxd5 Bxd5 18.Ne5 dxe5 19.dxe5 e6 20.e4 c6 21.Ra1 c5 22.Qc3 Qxb5
23.exd5 exd5 24.Bxd5 Rab8 25.Ba3 Nb3 26.Bxb3 Qxb3 27.Qxb3 Rxb3 28.Bxc5 Bxe5
29.Bxf8 Bxa1 30.Rd8 Bf6  1/2-1/2

[Event "XVIII TCh-MKD"]
[Site "Struga MKD"]
[Date "2009.08.14"]
[Round "5"]
[White "Stamenkov,V"]
[Black "Tancev,Z"]
[Result "0-1"]
[WhiteElo "2342"]
[BlackElo "2216"]

1.Nf3 Nf6 2.c4 g6 3.g3 Bg7 4.Bg2 O-O 5.O-O d6 6.Nc3 Nc6 7.Rb1 a5 8.d3 Bd7
9.h3 h6 10.e4 e5 11.Be3 Kh7 12.d4 exd4 13.Nxd4 Re8 14.g4 Ne5 15.b3 a4 16.Qd2 c6
17.Nde2 Bf8 18.Bf4 Ra5 19.Bg3 Qb6 20.Nxa4 Qa7 21.c5 dxc5 22.f4 Nc4 23.Qc1 b5
24.bxc4 Rxa4 25.cxb5 cxb5 26.Nc3 Rc4 27.e5 b4 28.Nd5 Rxc1 29.Nxf6+ Kh8 30.Rfxc1 Rc8
31.Rd1 Ba4 32.Rd5 Bc6 33.Rd2 c4+ 34.Bf2 Qa8 35.Bxc6 Qxc6 36.Rd7 Kg7 37.Rbd1 c3
38.Re1 Bc5 39.e6 Bxf2+ 40.Kxf2 Rf8 41.Nd5 c2 42.f5 gxf5 43.gxf5 c1=Q 44.f6+ Kh7
45.Rxc1 Qxc1 46.e7 Ra8 47.Rd8 Rxa2+ 48.Kf3 Qf1+ 49.Ke4 Qc4+ 50.Ke5 Re2+ 51.Kf5 Qe4+  0-1

[Event "7th Staunton Memorial GM"]
[Site "London ENG"]
[Date "2009.08.17"]
[Round "9"]
[White "Chapman,T"]
[Black "Cherniaev,A1"]
[Result "0-1"]
[WhiteElo "2232"]
[BlackElo "2428"]

1.Nf3 Nf6 2.c4 g6 3.g3 Bg7 4.Bg2 O-O 5.O-O d6 6.Nc3 Nc6 7.d3 Nh5 8.e4 e5
9.h3 a6 10.Be3 Bd7 11.d4 exd4 12.Nxd4 Re8 13.Rc1 Rb8 14.Re1 Na5 15.b3 Nf6
16.Qd3 c5 17.Nde2 Bc6 18.Rcd1 Bf8 19.g4 b5 20.cxb5 axb5 21.g5 b4 22.gxf6 bxc3
23.Nxc3 Qxf6 24.Nd5 Bxd5 25.Qxd5 Re5 26.Qd2 Nc6 27.Bf4 Rh5 28.Qe3 Re8 29.Qg3 Nd4
30.Be3 Nc2 31.Re2 Nxe3 32.Qxe3 d5 33.Qd3 Rhe5 34.Rde1 d4 35.b4 cxb4 36.Qxd4 Bc5
37.Qd3 Qh4 38.Kf1 Rd8 39.Qb3 Ra8 40.Qc4 Ra3 41.Rd1 Rc3 42.Qa6 Kg7 43.Qb7 Qf4
44.Qd7 Qh2 45.Rd5 Rg3 46.Rxc5 Rxg2  0-1

[Event "9th Open"]
[Site "Brasschaat BEL"]
[Date "2009.08.18"]
[Round "4"]
[White "Kool,G"]
[Black "Van Melkebeke,W"]
[Result "1-0"]
[WhiteElo "2134"]
[BlackElo "1877"]

1.Nf3 Nf6 2.c4 g6 3.g3 Bg7 4.Bg2 O-O 5.Nc3 d6 6.d4 Nbd7 7.O-O e5 8.e3 c6
9.b3 Re8 10.Ba3 Qc7 11.Qc2 a6 12.Rfd1 b5 13.dxe5 dxe5 14.Bd6 Qa5 15.b4 Qb6
16.c5 Qa7 17.a4 bxa4 18.Rxa4 Bb7 19.e4 Bf8 20.Qa2 Bxd6 21.Rxd6 Nxc5 22.bxc5 Qxc5
23.Rxf6  1-0